<?xml version="1.0" encoding="UTF-8"?>
<record
    xmlns:xsi="http://www.w3.org/2001/XMLSchema-instance"
    xsi:schemaLocation="http://www.loc.gov/MARC21/slim http://www.loc.gov/standards/marcxml/schema/MARC21slim.xsd"
    xmlns="http://www.loc.gov/MARC21/slim">

  <leader>00823nam a22002417a 4500</leader>
  <controlfield tag="005">20251208104456.0</controlfield>
  <controlfield tag="008">251126b        |||||||| |||| 00| 0 eng d</controlfield>
  <datafield tag="017" ind1=" " ind2=" ">
    <subfield code="a">LD. 1454</subfield>
  </datafield>
  <datafield tag="018" ind1=" " ind2=" ">
    <subfield code="a">2025</subfield>
  </datafield>
  <datafield tag="020" ind1=" " ind2=" ">
    <subfield code="a">9789787789063</subfield>
  </datafield>
  <datafield tag="040" ind1=" " ind2=" ">
    <subfield code="a">NLN</subfield>
    <subfield code="b">English</subfield>
    <subfield code="e">AACR2</subfield>
  </datafield>
  <datafield tag="050" ind1=" " ind2=" ">
    <subfield code="a">TL240</subfield>
    <subfield code="b">.K97</subfield>
  </datafield>
  <datafield tag="082" ind1=" " ind2=" ">
    <subfield code="a">629.2</subfield>
  </datafield>
  <datafield tag="100" ind1=" " ind2=" ">
    <subfield code="a">KUWANTA, Grace I.</subfield>
    <subfield code="9">68784</subfield>
  </datafield>
  <datafield tag="245" ind1=" " ind2=" ">
    <subfield code="a">Fundamentals of automobile technology /</subfield>
    <subfield code="c">Grace I. Kuwanta, Osita A. Ezeama and Mohammed A. Idris</subfield>
  </datafield>
  <datafield tag="260" ind1=" " ind2=" ">
    <subfield code="a">Asokoro Extension,FCT-Abuja(No. 37 A.B. Bagare Street, NAF Valley Estate) :</subfield>
    <subfield code="b">Walking Publishers ,</subfield>
    <subfield code="c">2025</subfield>
  </datafield>
  <datafield tag="300" ind1=" " ind2=" ">
    <subfield code="a">xiv, 247p. :</subfield>
    <subfield code="b">ill. ; 30pm.</subfield>
  </datafield>
  <datafield tag="563" ind1=" " ind2=" ">
    <subfield code="a">(pbk)</subfield>
  </datafield>
  <datafield tag="650" ind1=" " ind2=" ">
    <subfield code="a">Automobiles</subfield>
    <subfield code="v">Design and construction</subfield>
    <subfield code="x">Higher</subfield>
    <subfield code="9">68961</subfield>
  </datafield>
  <datafield tag="700" ind1=" " ind2=" ">
    <subfield code="a">Ezeama, Osita A.  </subfield>
    <subfield code="e">ctb</subfield>
    <subfield code="9">68786</subfield>
  </datafield>
  <datafield tag="700" ind1=" " ind2=" ">
    <subfield code="a">Idris, Mohammed A. </subfield>
    <subfield code="e">ctb</subfield>
    <subfield code="9">68787</subfield>
  </datafield>
  <datafield tag="942" ind1=" " ind2=" ">
    <subfield code="c">BK</subfield>
    <subfield code="n">0</subfield>
  </datafield>
  <datafield tag="999" ind1=" " ind2=" ">
    <subfield code="c">33901</subfield>
    <subfield code="d">33901</subfield>
  </datafield>
  <datafield tag="952" ind1=" " ind2=" ">
    <subfield code="0">0</subfield>
    <subfield code="1">0</subfield>
    <subfield code="2">lcc</subfield>
    <subfield code="4">0</subfield>
    <subfield code="7">0</subfield>
    <subfield code="a">ABJ</subfield>
    <subfield code="b">MAIN</subfield>
    <subfield code="d">2025-11-26</subfield>
    <subfield code="i">457,341</subfield>
    <subfield code="l">0</subfield>
    <subfield code="o">TL240 .K97</subfield>
    <subfield code="p">457,341</subfield>
    <subfield code="r">2025-11-26 12:24:47</subfield>
    <subfield code="w">2025-11-26</subfield>
    <subfield code="y">BK</subfield>
  </datafield>
  <datafield tag="952" ind1=" " ind2=" ">
    <subfield code="0">0</subfield>
    <subfield code="1">0</subfield>
    <subfield code="2">lcc</subfield>
    <subfield code="4">0</subfield>
    <subfield code="7">0</subfield>
    <subfield code="a">LAG</subfield>
    <subfield code="b">MAIN</subfield>
    <subfield code="d">2025-11-26</subfield>
    <subfield code="i">457,346</subfield>
    <subfield code="l">0</subfield>
    <subfield code="o">TL240 .K97</subfield>
    <subfield code="p">457,346</subfield>
    <subfield code="r">2025-11-26 12:25:39</subfield>
    <subfield code="w">2025-11-26</subfield>
    <subfield code="y">BK</subfield>
  </datafield>
</record>
